[Event "Asia zt 3.2"]
[Site "Dhaka"]
[Date "2023.05.09"]
[Round "8"]
[White "Siam, Chowdhury"]
[Black "Ahmed, Shafiq"]
[Result "0-1"]
[WhiteElo "1765"]
[BlackElo "2123"]
[PlyCount "124"]
[EventDate "2023.05.02"]
[EventType "swiss"]
[EventRounds "9"]
[EventCountry "BAN"]
[SourceTitle "CBM 214 Extra"]
[Source "ChessBase"]
[SourceDate "2023.07.31"]
[SourceVersion "1"]
[SourceVersionDate "2023.07.31"]
[SourceQuality "1"]

1. e4 e6 2. d4 d5 3. exd5 exd5 4. Nf3 Bd6 5. Bd3 Bg4 6. 0-0 Ne7 7. h3 Bh5 8. c3 Nd7 9. Bg5 f6 10. Be3 c6 11. Nbd2 Qc7 12. Qc2 0-0-0 13. c4 g5 14. c5 Bf4 15. Rfe1 Rde8 16. b4 Bg6 17. a4 Bxd3 18. Qxd3 Ng6 19. b5 Re7 20. Reb1 Bxe3 21. fxe3 Rhe8 22. Nf1 Kb8 23. N3d2 Ka8 24. Qb3 Nb8 25. Qc3 Qc8 26. a5 g4 27. hxg4 Qxg4 28. Nf3 Rg8 29. N1h2 Qe4 30. bxc6 Nxc6 31. Rb3 Reg7 32. Rb2 Nge7 33. a6 Nf5 34. axb7+ Kb8 35. Ra3 Re8 36. Re2 Nfxd4 37. Nxd4 Nxd4 38. Rf2 Reg8 39. Qb2 Nc6 40. Rb3 Na5 41. Rb4 Qxe3 42. Kh1 Nc4 43. Qe2 Qxc5 44. Rb1 Ne3 45. Rg1 d4 46. Qf3 f5 47. Qf4+ Rc7 48. Rd2 Rd8 49. Nf3 Qd6 50. Rxd4 Qxf4 51. Rxf4 Kxb7 52. Re1 Rc4 53. Rxc4 Nxc4 54. Re7+ Kb6 55. Rxh7 a5 56. Rh5 Rd5 57. g4 Rd1+ 58. Kg2 fxg4 59. Nh2 a4 60. Rh8 a3 61. Ra8 Na5 62. Rb8+ Ka7 0-1

[Event "Asia zt 3.2"]
[Site "Dhaka"]
[Date "2023.05.06"]
[Round "5"]
[White "Ahmed, Shafiq"]
[Black "Mohammad, Minhaz Uddin"]
[Result "0-1"]
[WhiteElo "2123"]
[BlackElo "2228"]
[PlyCount "140"]
[EventDate "2023.05.02"]
[EventType "swiss"]
[EventRounds "9"]
[EventCountry "BAN"]
[SourceTitle "CBM 214 Extra"]
[Source "ChessBase"]
[SourceDate "2023.07.31"]
[SourceVersion "1"]
[SourceVersionDate "2023.07.31"]
[SourceQuality "1"]

1. e4 e6 2. d4 d5 3. Nd2 Nf6 4. e5 Nfd7 5. Bd3 c5 6. c3 Nc6 7. Ne2 f5 8. Nf3 cxd4 9. cxd4 Be7 10. h4 Nb6 11. Rh3 Bd7 12. Bg5 Nb4 13. Bb1 Nc4 14. Bc1 Qa5 15. Kf1 Rc8 16. Kg1 0-0 17. Nf4 Qc7 18. Bd3 Nb6 19. Ng5 Bxg5 20. hxg5 g6 21. Qf3 Nc2 22. Bxc2 Qxc2 23. Rh1 Rf7 24. Kh2 Qe4 25. Qd1 Rxc1 26. Qxc1 Qxd4 27. Nh3 f4 28. Qc3 Qxc3 29. bxc3 Nc4 30. Rhe1 Ba4 31. Ng1 h6 32. Nf3 Rh7 33. Kg1 Kf7 34. gxh6 Rxh6 35. g3 Bc2 36. gxf4 Ke7 37. Nd4 Bf5 38. Kg2 Rh4 39. f3 Rxf4 40. Kg3 g5 41. Ne2 Rh4 42. Rh1 Nxe5 43. Rxh4 gxh4+ 44. Kf4 Kf6 45. Nd4 Bh3 46. Ke3 Bg2 47. Kf2 h3 48. Kg3 Nc4 49. Ne2 e5 50. Ng1 d4 51. cxd4 exd4 52. Nxh3 Bxh3 53. Kxh3 d3 54. Rd1 d2 55. Kh2 Ne3 56. Rxd2 Nf1+ 57. Kg2 Nxd2 58. Kf2 Nb1 59. Ke3 Nc3 60. a3 Nb5 61. a4 Nc3 62. a5 Nd5+ 63. Kd4 Nc7 64. Kc5 Ke7 65. f4 Ne6+ 66. Kb5 Nxf4 67. a6 b6 68. Kc6 Kd8 69. Kb7 Nd5 70. Kc6 Nc7 0-1

[Event "Asia zt 3.2"]
[Site "Dhaka"]
[Date "2023.05.04"]
[Round "3"]
[White "Ahmed, Shafiq"]
[Black "Zoar Haque, Prodhan"]
[Result "1-0"]
[WhiteElo "2123"]
[BlackElo "1973"]
[PlyCount "88"]
[EventDate "2023.05.02"]
[EventType "swiss"]
[EventRounds "9"]
[EventCountry "BAN"]
[SourceTitle "CBM 214 Extra"]
[Source "ChessBase"]
[SourceDate "2023.07.31"]
[SourceVersion "1"]
[SourceVersionDate "2023.07.31"]
[SourceQuality "1"]

1. e4 e5 2. Nf3 Nc6 3. d4 exd4 4. Nxd4 Bc5 5. Nb3 Bb6 6. Nc3 d6 7. Nd5 Qh4 8. Qf3 Ne5 9. Qf4 Bg4 10. a4 Nf3+ 11. Kd1 g5 12. Qg3 Nxh2+ 13. Ke1 Qxg3 14. fxg3 Nxf1 15. Rxf1 c6 16. Nxb6 axb6 17. Bxg5 h6 18. Bh4 Ne7 19. Nd4 Ng6 20. Bf6 Rg8 21. Rh1 Kd7 22. Kd2 h5 23. b3 Rae8 24. Rae1 Ne5 25. Rhf1 Be6 26. Bh4 Rg4 27. Rf4 Reg8 28. Kc3 R8g7 29. Ref1 d5 30. exd5 Bxd5 31. Nf5 Rh7 32. Ne3 Rxf4 33. gxf4 Ng4 34. Nxd5 cxd5 35. Kd4 f6 36. Re1 Re7 37. Rxe7+ Kxe7 38. Kxd5 Ne3+ 39. Ke4 Nxc2 40. Kd3 Nb4+ 41. Kc4 Nc2 42. Bf2 Kd6 43. Kc3 Na3 44. Kb2 Kd5 1-0

[Event "Dhaka Chowdhury Memorial op-A 2nd"]
[Site "Dhaka"]
[Date "2022.07.03"]
[Round "2"]
[White "Ahmed, Shafiq"]
[Black "Md Abu, Hanif"]
[Result "1/2-1/2"]
[WhiteElo "2100"]
[BlackElo "2024"]
[PlyCount "38"]
[EventDate "2022.07.02"]
[EventType "swiss"]
[EventRounds "8"]
[EventCountry "BAN"]
[SourceTitle "EXT 2023"]
[Source "ChessBase"]
[SourceDate "2022.10.05"]
[SourceVersion "1"]
[SourceVersionDate "2022.10.05"]
[SourceQuality "1"]

1. e4 e6 2. d4 d5 3. Nd2 dxe4 4. Nxe4 Nd7 5. Nf3 Ngf6 6. Ng3 b6 7. Bb5 Bb7 8. Ne5 a6 9. Bc6 Bxc6 10. Nxc6 Qc8 11. c4 Bd6 12. Qf3 0-0 13. 0-0 Re8 14. b4 Kh8 15. Bb2 Qb7 16. Rfe1 Nb8 17. d5 Nfd7 18. dxe6 Rxe6 19. b5 a5 1/2-1/2

[Event "Dhaka Marcel op"]
[Site "Dhaka"]
[Date "2022.04.25"]
[Round "7"]
[White "Islam, Khandaker Aminul"]
[Black "Ahmed, Shafiq"]
[Result "0-1"]
[WhiteElo "2176"]
[BlackElo "2090"]
[PlyCount "102"]
[EventDate "2022.04.19"]
[EventType "swiss"]
[EventRounds "9"]
[EventCountry "BAN"]
[SourceTitle "EXT 2023"]
[Source "ChessBase"]
[SourceDate "2022.10.05"]
[SourceVersion "1"]
[SourceVersionDate "2022.10.05"]
[SourceQuality "1"]

1. d4 f5 2. c4 Nf6 3. Nf3 e6 4. g3 Be7 5. Bg2 0-0 6. 0-0 d6 7. b3 c6 8. Bb2 Na6 9. Nc3 Ne4 10. Nd2 Nxd2 11. Qxd2 d5 12. e3 Bd7 13. Ne2 Nc7 14. Nf4 Be8 15. a4 g5 16. Nd3 Bf6 17. a5 Bh5 18. f3 Rb8 19. Bc3 Rf7 20. Kh1 Bg6 21. Nc5 Be7 22. Nd3 Bf6 23. Rad1 h5 24. e4 Rh7 25. e5 Be7 26. Kg1 h4 27. f4 g4 28. Rf2 Na6 29. Qe3 Qf8 30. Rc2 b6 31. axb6 Rxb6 32. Ra1 hxg3 33. hxg3 Nb4 34. Bxb4 Bxb4 35. c5 Rb5 36. Ra4 Ba5 37. b4 Bd8 38. Ra6 Be8 39. Rca2 Rbb7 40. Qc1 Qh6 41. Kf2 Qh2 42. R2a3 Rh3 43. Ne1 Rxb4 44. Rxa7 Rb8 45. Rc3 Kf8 46. Qa1 Rb4 47. Nc2 Rc4 48. Raa3 Rxg3 49. Rxg3 Rxc2+ 50. Kf1 Bh4 51. Qd1 Rc4 0-1

[Event "Dhaka Marcel op"]
[Site "Dhaka"]
[Date "2022.04.22"]
[Round "4"]
[White "Ahmed, Shafiq"]
[Black "Mukitul, Islam Ripon"]
[Result "1-0"]
[WhiteElo "2090"]
[BlackElo "1932"]
[PlyCount "59"]
[EventDate "2022.04.19"]
[EventType "swiss"]
[EventRounds "9"]
[EventCountry "BAN"]
[SourceTitle "EXT 2023"]
[Source "ChessBase"]
[SourceDate "2022.10.05"]
[SourceVersion "1"]
[SourceVersionDate "2022.10.05"]
[SourceQuality "1"]

1. e4 Nc6 2. d4 e5 3. d5 Nce7 4. d6 Ng6 5. dxc7 Qxc7 6. a3 a6 7. Nc3 Nf6 8. Bg5 Be7 9. Bxf6 Bxf6 10. Nd5 Qd8 11. Bc4 0-0 12. Ne2 d6 13. 0-0 Bg5 14. Qd3 Be6 15. Rad1 Re8 16. Bb3 Kh8 17. Ng3 Nh4 18. Nf5 g6 19. Nxh4 Bxh4 20. Ne3 Be7 21. Bd5 Qc8 22. Qb3 Bg5 23. Qxb7 Bxe3 24. fxe3 Qxc2 25. Qc6 Qxb2 26. Qxd6 Rac8 27. Qb4 Qe2 28. Rd2 Qb5 29. Qb2 f6 30. a4 1-0

[Event "BAN-chB 46th"]
[Site "Dhaka"]
[Date "2021.12.22"]
[Round "8"]
[White "Ahmed, Shafiq"]
[Black "Md Abzid, Rahman"]
[Result "1-0"]
[WhiteElo "2103"]
[BlackElo "2107"]
[PlyCount "79"]
[EventDate "2021.12.15"]
[EventType "swiss"]
[EventRounds "9"]
[EventCountry "BAN"]
[SourceTitle "CBM 206 Extra"]
[Source "ChessBase"]
[SourceDate "2022.03.31"]
[SourceVersion "1"]
[SourceVersionDate "2022.03.31"]
[SourceQuality "1"]

1. e4 Nf6 2. d3 d5 3. e5 Ng4 4. d4 c5 5. c3 Nc6 6. Nf3 Qb6 7. h3 Nh6 8. dxc5 Qxc5 9. b4 Qb6 10. Qxd5 Bf5 11. Be3 Qc7 12. Nbd2 Rd8 13. Qb5 Bd7 14. e6 Bxe6 15. Bxa7 Ra8 16. Bb6 Qc8 17. a4 Nf5 18. a5 g6 19. Nd4 Bg7 20. Nxc6 bxc6 21. Qc5 0-0 22. g4 Nh4 23. Ra3 Bd5 24. Rg1 Be5 25. c4 Bd6 26. Qe3 Bxb4 27. cxd5 Bxa3 28. Qxa3 cxd5 29. Rg3 Qd7 30. Qb4 Rfc8 31. Bb5 Qe6+ 32. Kd1 Qf6 33. Qa4 Qb2 34. Bc6 Rab8 35. Rb3 Qe5 36. a6 Ng2 37. Nf3 Qe6 38. a7 Ra8 39. Bxa8 Rxa8 40. Bd4 1-0

[Event "BAN-chB 46th"]
[Site "Dhaka"]
[Date "2021.12.21"]
[Round "7"]
[White "Ahmed, Shafiq"]
[Black "Anata, Choudhury"]
[Result "0-1"]
[WhiteElo "2103"]
[BlackElo "2147"]
[PlyCount "140"]
[EventDate "2021.12.15"]
[EventType "swiss"]
[EventRounds "9"]
[EventCountry "BAN"]
[SourceTitle "CBM 206 Extra"]
[Source "ChessBase"]
[SourceDate "2022.03.31"]
[SourceVersion "1"]
[SourceVersionDate "2022.03.31"]
[SourceQuality "1"]

1. e4 c5 2. Nf3 d6 3. d4 cxd4 4. Nxd4 Nf6 5. Nc3 a6 6. g3 e5 7. Nde2 Be7 8. Bg2 b5 9. Nd5 Nxd5 10. Qxd5 Ra7 11. Be3 Rb7 12. 0-0 Nd7 13. b3 0-0 14. Qd2 Nf6 15. h3 Bd7 16. Rfd1 Qc8 17. g4 Rc7 18. Rac1 Bc6 19. Ng3 Qb7 20. Qd3 g6 21. g5 Nd7 22. c3 Nc5 23. Qb1 Ne6 24. h4 f6 25. gxf6 Rxf6 26. c4 b4 27. Ne2 Rc8 28. f3 Rcf8 29. Rf1 Bd8 30. Qd3 Bb6 31. Bxb6 Qxb6+ 32. Kh2 Nc5 33. Qe3 Qc7 34. Rh1 Qe7 35. Rcf1 Ne6 36. Qb6 Qb7 37. Qxb7 Bxb7 38. Rd1 Nc5 39. Kg3 h5 40. Rhf1 a5 41. Ng1 Bc8 42. Rfe1 Kf7 43. Re3 Ke7 44. a3 Be6 45. axb4 axb4 46. Ra1 Rb8 47. Ra7+ Rb7 48. Ra5 Rf7 49. Ne2 Kf6 50. f4 Ra7 51. Rb5 Rfb7 52. fxe5+ Kxe5 53. Rxb7 Rxb7 54. Nf4 Bf7 55. Nd3+ Nxd3 56. Rxd3 Ra7 57. Rf3 Be6 58. Bh3 Bxh3 59. Kxh3 Ra3 60. Kg2 Kxe4 61. Rg3 Kd4 62. Kf2 d5 63. cxd5 Kxd5 64. Rxg6 Rxb3 65. Rg5+ Kc4 66. Rxh5 Rc3 67. Rh8 b3 68. Rc8+ Kd3 69. Rb8 Kc2 70. h5 b2 0-1

[Event "BAN-chB 46th"]
[Site "Dhaka"]
[Date "2021.12.17"]
[Round "3"]
[White "Sacchu, Afzal Hossain"]
[Black "Ahmed, Shafiq"]
[Result "0-1"]
[WhiteElo "2057"]
[BlackElo "2103"]
[PlyCount "78"]
[EventDate "2021.12.15"]
[EventType "swiss"]
[EventRounds "9"]
[EventCountry "BAN"]
[SourceTitle "CBM 206 Extra"]
[Source "ChessBase"]
[SourceDate "2022.03.31"]
[SourceVersion "1"]
[SourceVersionDate "2022.03.31"]
[SourceQuality "1"]

1. d4 d5 2. c4 c6 3. cxd5 cxd5 4. Nc3 Nf6 5. Bf4 a6 6. e3 Nc6 7. Bd3 e6 8. Nf3 Be7 9. a3 Nh5 10. Bg3 h6 11. Ne5 Nxg3 12. Nxc6 bxc6 13. hxg3 c5 14. dxc5 Bxc5 15. b4 Bd6 16. 0-0 h5 17. f4 f5 18. Rc1 Qb6 19. Qd2 Bd7 20. Qe2 g6 21. Rb1 Kf7 22. Rfc1 h4 23. Qf2 hxg3 24. Qxg3 d4 25. Ne2 dxe3 26. Rc4 g5 27. Rbc1 gxf4 28. Nxf4 e2+ 29. Rc5 Rag8 30. Qf2 Bxc5 31. Rxc5 Qd6 32. Bxe2 Bb5 33. Bf3 Rd8 34. g3 Rh6 35. Nd5 exd5 36. Rxd5 Qxd5 37. Bxd5+ Rxd5 38. Qa7+ Rd7 39. Qe3 Rd1+ 0-1

[Event "Dhaka Sheikh Hasina op"]
[Site "Dhaka"]
[Date "2021.09.21"]
[Round "3"]
[White "Ahmed, Walijah"]
[Black "Ahmed, Shafiq"]
[Result "0-1"]
[WhiteElo "1904"]
[BlackElo "2127"]
[PlyCount "136"]
[EventDate "2021.09.19"]
[EventType "swiss"]
[EventRounds "9"]
[EventCountry "BAN"]
[SourceTitle "CBM 204 Extra"]
[Source "ChessBase"]
[SourceDate "2021.11.30"]
[SourceVersion "1"]
[SourceVersionDate "2021.11.30"]
[SourceQuality "1"]

1. e4 c5 2. Nf3 d6 3. d4 cxd4 4. Nxd4 a6 5. Nc3 Nf6 6. h3 g6 7. g4 h6 8. Be3 Bg7 9. Qd2 Bd7 10. f4 Nc6 11. Be2 b5 12. a3 Rb8 13. 0-0 Na5 14. e5 dxe5 15. fxe5 Nxg4 16. Bxg4 Nc4 17. Qf2 Nxe5 18. Bf4 0-0 19. Rad1 Nxg4 20. hxg4 e5 21. Nc6 Qe8 22. Nxb8 Bxg4 23. Rde1 Qxb8 24. Qg3 exf4 25. Qxg4 g5 26. Qf5 Qb6+ 27. Kg2 Qc6+ 28. Qe4 Qc8 29. Nd5 Qg4+ 30. Kf2 Qg3+ 31. Ke2 Rd8 32. Rf2 Qg4+ 33. Kf1 Qh3+ 34. Kg1 Kh8 35. Rh2 Qd7 36. Rd2 Qg4+ 37. Kf1 Qh3+ 38. Qg2 Qxg2+ 39. Kxg2 Bxb2 40. Rd3 Rc8 41. Re2 Rc4 42. Nb6 Rc6 43. Nd5 Rc4 44. Rb3 Bc1 45. Kf3 h5 46. Nf6 g4+ 47. Nxg4 hxg4+ 48. Kxg4 Kg7 49. Kf5 Rc5+ 50. Kg4 Kg6 51. Rg2 Kf6 52. Rd3 Ke5 53. Kf3 f6 54. Re2+ Be3 55. Rd8 Rc4 56. Rd3 Rd4 57. Re1 Rc4 58. Re2 Rc7 59. Rd8 Rc3 60. Rd3 Rxd3 61. cxd3 Kd4 62. a4 b4 63. Rb2 Kc3 64. Rb1 b3 65. Ke2 Kc2 66. Rxb3 Kxb3 67. d4 Kxa4 68. d5 Kb5 0-1

[Event "Dhaka Bangabandhu op-A"]
[Site "Dhaka"]
[Date "2021.03.14"]
[Round "6"]
[White "Sadnan Hasan, Dihan"]
[Black "Ahmed, Shafiq"]
[Result "1-0"]
[WhiteElo "2072"]
[BlackElo "2153"]
[PlyCount "93"]
[EventDate "2021.03.09"]
[EventType "swiss"]
[EventRounds "9"]
[EventCountry "BAN"]
[SourceTitle "CBM 201 Extra"]
[Source "ChessBase"]
[SourceDate "2021.05.31"]
[SourceVersion "1"]
[SourceVersionDate "2021.05.31"]
[SourceQuality "1"]

1. e4 c5 2. Nf3 e6 3. d4 cxd4 4. Nxd4 a6 5. Nc3 Qc7 6. Be3 Nf6 7. a3 Be7 8. Qf3 0-0 9. Qg3 Qxg3 10. hxg3 Ng4 11. Nd1 Bc5 12. b4 Ba7 13. c3 Nxe3 14. Nxe3 Nc6 15. Ndc2 Bb8 16. Nc4 b5 17. Nb6 Ra7 18. 0-0-0 Rb7 19. Nxc8 Rxc8 20. Kb2 Rbc7 21. Ne3 Ne5 22. a4 Rxc3 23. axb5 axb5 24. Bxb5 Ba7 25. Bxd7 Nxd7 26. Rxd7 Bxe3 27. fxe3 Rxe3 28. Rc1 Rb8 29. Rb7 Rf8 30. b5 h5 31. b6 Rd8 32. Rbc7 Rd6 33. R7c6 Rd7 34. R1c3 Rxe4 35. Rb3 Re2+ 36. Rc2 Rxc2+ 37. Kxc2 Rb7 38. Kd3 Kf8 39. Kc4 Ke7 40. Kc5 f5 41. Kc6 Rb8 42. Kc7 Re8 43. b7 e5 44. b8Q Rxb8 45. Rxb8 e4 46. Kc6 Ke6 47. Kc5 1-0

[Event "Dhaka Bangabandhu op-A"]
[Site "Dhaka"]
[Date "2021.03.12"]
[Round "4"]
[White "Ahmed, Shafiq"]
[Black "Hossain, Delwar"]
[Result "1-0"]
[WhiteElo "2153"]
[BlackElo "2026"]
[PlyCount "97"]
[EventDate "2021.03.09"]
[EventType "swiss"]
[EventRounds "9"]
[EventCountry "BAN"]
[SourceTitle "CBM 201 Extra"]
[Source "ChessBase"]
[SourceDate "2021.05.31"]
[SourceVersion "1"]
[SourceVersionDate "2021.05.31"]
[SourceQuality "1"]

1. e4 g6 2. d4 Bg7 3. Nf3 c5 4. d5 d6 5. Be2 Nf6 6. Nc3 Nbd7 7. 0-0 a6 8. a4 0-0 9. Nd2 b6 10. f4 Rb8 11. Nc4 Qc7 12. e5 Ne8 13. exd6 exd6 14. Kh1 f5 15. Nd2 Ndf6 16. Nf3 h6 17. Bc4 Kh7 18. Re1 Qd8 19. Qe2 Nc7 20. Bd2 Bb7 21. Qd3 Ra8 22. Rad1 Qd7 23. Kg1 Rfe8 24. h3 Rxe1+ 25. Bxe1 Re8 26. Nh4 Ne4 27. Nxe4 Rxe4 28. Bb3 Qe7 29. Qg3 Qf7 30. c4 Bd4+ 31. Kh2 Bxb2 32. Rb1 Bg7 33. Nf3 b5 34. cxb5 axb5 35. Bc2 Bxd5 36. axb5 Ne6 37. Bxe4 Bxe4 38. Rd1 Nxf4 39. Qxf4 Qb3 40. Rxd6 g5 41. Qg3 Qb2 42. Rd7 Qxb5 43. Qc7 Qb2 44. Rxg7+ Qxg7 45. Qxc5 g4 46. Bc3 Qb7 47. Nh4 gxh3 48. Qe5 Kg8 49. Qe8+ 1-0

[Event "BAN-chT 1st League"]
[Site "Dhaka"]
[Date "2021.03.06"]
[Round "10.4"]
[White "Md, Sharif Hossain"]
[Black "Ahmed, Shafiq"]
[Result "0-1"]
[WhiteElo "2117"]
[BlackElo "2153"]
[PlyCount "108"]
[EventDate "2021.02.25"]
[EventType "team-tourn"]
[EventRounds "11"]
[EventCountry "BAN"]
[SourceTitle "EXT 2022"]
[Source "ChessBase"]
[SourceDate "2021.10.06"]
[SourceVersion "1"]
[SourceVersionDate "2021.10.06"]
[SourceQuality "1"]
[WhiteTeam "Manha's Castle"]
[BlackTeam "Rupali Bank Krira Parisad"]
[WhiteTeamCountry "BAN"]
[BlackTeamCountry "BAN"]

1. e4 c5 2. Nf3 d6 3. d4 cxd4 4. Nxd4 Nf6 5. Nc3 a6 6. h3 e5 7. Nde2 Be7 8. g4 0-0 9. Bg2 Nc6 10. Be3 b5 11. Qd2 Na5 12. b3 b4 13. Na4 Rb8 14. 0-0 Bd7 15. Nb2 Nc6 16. f4 exf4 17. Bxf4 Ne5 18. Nd4 Qb6 19. Rf2 h6 20. Nd1 Ng6 21. Bg3 h5 22. g5 h4 23. Bh2 Nh7 24. Nf3 Bc6 25. Ne3 Bxe4 26. Nd5 Bxd5 27. Qxd5 Rbc8 28. Kf1 Rc5 29. Qd3 Nxg5 30. Nxg5 Rxg5 31. Rd1 Ne5 32. Qe4 Ng6 33. Rf5 Rxf5+ 34. Qxf5 Ne5 35. Bd5 g6 36. Qe4 Kg7 37. Kg2 Qc7 38. Qxb4 Qxc2+ 39. Rd2 Qf5 40. Re2 Qg5+ 41. Kh1 Rc8 42. Bf4 Qf5 43. Bg2 Nd3 44. Qd2 Qxf4 45. Qxf4 Nxf4 46. Rxe7 Rc1+ 47. Kh2 Rc2 48. a4 Rxg2+ 49. Kh1 Rg3 50. b4 Rxh3+ 51. Kg1 Ra3 52. a5 Ra2 53. Ra7 h3 54. Rxa6 Nh5 0-1

[Event "BAN-chT 1st League"]
[Site "Dhaka"]
[Date "2021.02.26"]
[Round "2.4"]
[White "Ahmed, Shafiq"]
[Black "Arya, Bhakta"]
[Result "1-0"]
[WhiteElo "2153"]
[BlackElo "2003"]
[PlyCount "101"]
[EventDate "2021.02.25"]
[EventType "team-tourn"]
[EventRounds "11"]
[EventCountry "BAN"]
[SourceTitle "EXT 2022"]
[Source "ChessBase"]
[SourceDate "2021.10.06"]
[SourceVersion "1"]
[SourceVersionDate "2021.10.06"]
[SourceQuality "1"]
[WhiteTeam "Rupali Bank Krira Parisad"]
[BlackTeam "Sultana Kamal Smirity Pathagar"]
[WhiteTeamCountry "BAN"]
[BlackTeamCountry "BAN"]

1. e4 c5 2. Nf3 d6 3. d4 cxd4 4. Nxd4 Nf6 5. Nc3 a6 6. g3 e5 7. Nde2 Be7 8. Bg2 Be6 9. 0-0 h5 10. h3 Nbd7 11. Be3 b5 12. f4 Nb6 13. b3 Rc8 14. Qd3 0-0 15. a4 b4 16. Qxa6 Nxa4 17. bxa4 Bc4 18. Qb6 bxc3 19. Qxd8 Bxd8 20. Kf2 exf4 21. Bxf4 Re8 22. Rfe1 d5 23. a5 g5 24. Be3 Bxe2 25. Kxe2 Nxe4 26. Bxe4 dxe4 27. g4 hxg4 28. hxg4 f6 29. a6 Bc7 30. Red1 Kf7 31. a7 Bf4 32. Bd4 Ra8 33. Rdb1 Re7 34. Ra6 Rd7 35. Rb4 Bd6 36. Rba4 Be5 37. Bxe5 fxe5 38. Ke3 Rd2 39. Rb4 Rd7 40. Rba4 Rd2 41. Ra2 Rd4 42. R2a3 Rd2 43. Rxc3 Rd7 44. Rca3 Rc7 45. c3 Rc4 46. R6a4 Rc5 47. Kxe4 Ke6 48. Ra6+ Kd7 49. Rg6 Rc4+ 50. Kd5 Rcc8 51. Rg7+ 1-0

[Event "BAN-chT 1st League"]
[Site "Dhaka"]
[Date "2021.02.25"]
[Round "1.4"]
[White "Islam, Kazi Taherul"]
[Black "Ahmed, Shafiq"]
[Result "1-0"]
[WhiteElo "1957"]
[BlackElo "2153"]
[PlyCount "71"]
[EventDate "2021.02.25"]
[EventType "team-tourn"]
[EventRounds "11"]
[EventCountry "BAN"]
[SourceTitle "EXT 2022"]
[Source "ChessBase"]
[SourceDate "2021.10.06"]
[SourceVersion "1"]
[SourceVersionDate "2021.10.06"]
[SourceQuality "1"]
[WhiteTeam "Basir Memorial"]
[BlackTeam "Rupali Bank Krira Parisad"]
[WhiteTeamCountry "BAN"]
[BlackTeamCountry "BAN"]

1. Nf3 c5 2. c4 e6 3. Nc3 a6 4. g3 Nf6 5. Bg2 Nc6 6. d4 cxd4 7. Nxd4 Be7 8. Nc2 0-0 9. 0-0 d6 10. b3 Bd7 11. Ba3 Qc7 12. Qd2 Rfd8 13. Rfd1 Be8 14. e4 Rac8 15. Rac1 Qb8 16. Qe2 Ne5 17. Nd4 Rc7 18. f4 Qa7 19. Kh1 Ng6 20. f5 Nf8 21. h3 Rdc8 22. Bb2 N6d7 23. Rf1 Bg5 24. fxe6 fxe6 25. Rcd1 b5 26. Qg4 Bf6 27. Nxe6 Ne5 28. Rxf6 Nfg6 29. Qf5 Bd7 30. Nd5 gxf6 31. Qxf6 Bxe6 32. Qxe6+ Kh8 33. Nxc7 Qxc7 34. Rxd6 bxc4 35. Bxe5+ Nxe5 36. Qxe5+ 1-0

[Event "BAN-ch Morning Glory Online"]
[Site "Chess.com INT"]
[Date "2020.10.31"]
[Round "9"]
[White "Ahmed, Shafiq"]
[Black "Hamid, Rani"]
[Result "1-0"]
[WhiteElo "2040"]
[BlackElo "2006"]
[PlyCount "57"]
[EventDate "2020.10.29"]
[EventType "swiss"]
[EventRounds "9"]
[EventCountry "BAN"]
[SourceTitle "EXT 2022"]
[Source "ChessBase"]
[SourceDate "2021.10.06"]
[SourceVersion "1"]
[SourceVersionDate "2021.10.06"]
[SourceQuality "1"]

1. e4 c5 2. Nf3 e6 3. d4 cxd4 4. Nxd4 a6 5. c4 Qc7 6. Nc3 Nf6 7. Bd3 Bb4 8. Nc2 Be7 9. 0-0 Nc6 10. f4 d6 11. Be3 0-0 12. Rc1 b6 13. Nd4 Nxd4 14. Bxd4 Bb7 15. Qe2 Rfd8 16. Kh1 Nd7 17. Bb1 Rac8 18. b3 Qb8 19. Qh5 g6 20. Qh3 Qa8 21. f5 e5 22. Be3 Nf6 23. fxg6 hxg6 24. Bg5 Nd5 25. exd5 Bxg5 26. Rxf7 Kxf7 27. Qh7+ Kf8 28. Bxg6 Bxd5 29. Nxd5 1-0

[Event "BAN-ch Morning Glory Online"]
[Site "Chess.com INT"]
[Date "2020.10.30"]
[Round "5"]
[White "Md Sagor"]
[Black "Ahmed, Shafiq"]
[Result "1-0"]
[WhiteElo "1908"]
[BlackElo "2040"]
[PlyCount "107"]
[EventDate "2020.10.29"]
[EventType "swiss"]
[EventRounds "9"]
[EventCountry "BAN"]
[SourceTitle "EXT 2022"]
[Source "ChessBase"]
[SourceDate "2021.10.06"]
[SourceVersion "1"]
[SourceVersionDate "2021.10.06"]
[SourceQuality "1"]

1. e4 c5 2. Nf3 Nc6 3. d4 cxd4 4. Nxd4 Nf6 5. Nc3 e5 6. Nxc6 bxc6 7. Bc4 Bb4 8. Qf3 d5 9. exd5 cxd5 10. Bg5 Bxc3+ 11. bxc3 e4 12. Bb5+ Bd7 13. Bxd7+ Qxd7 14. Qf4 Qg4 15. Qe5+ Qe6 16. Bxf6 gxf6 17. Qd4 0-0 18. 0-0 Rfc8 19. Rfd1 Rc4 20. Qxd5 Qxd5 21. Rxd5 Rxc3 22. Ra5 Rxc2 23. h4 Rc7 24. Re1 Re8 25. g4 Ree7 26. Re3 Rc4 27. Kg2 Rd7 28. a4 Rd2 29. Kg3 Rcc2 30. Rf5 Rd4 31. Rxf6 Rxa4 32. g5 Rd4 33. h5 Rd5 34. f4 Rd3 35. Rxd3 exd3 36. Rd6 d2 37. Rd8+ Kg7 38. f5 h6 39. f6+ Kh7 40. g6+ fxg6 41. Rd7+ Kg8 42. hxg6 Rc8 43. Rxd2 Rf8 44. Rd6 a5 45. Kg4 a4 46. Ra6 a3 47. Kf5 Rb8 48. Rxa3 Rb5+ 49. Ke4 Rb8 50. Ra7 Rb4+ 51. Kd5 Rb5+ 52. Kc6 Rb8 53. Rg7+ Kh8 54. Rh7+ 1-0

[Event "BAN-ch Morning Glory Online"]
[Site "Chess.com INT"]
[Date "2020.10.29"]
[Round "3"]
[White "Mohammad, Javed"]
[Black "Ahmed, Shafiq"]
[Result "1-0"]
[WhiteElo "2119"]
[BlackElo "2040"]
[PlyCount "83"]
[EventDate "2020.10.29"]
[EventType "swiss"]
[EventRounds "9"]
[EventCountry "BAN"]
[SourceTitle "EXT 2022"]
[Source "ChessBase"]
[SourceDate "2021.10.06"]
[SourceVersion "1"]
[SourceVersionDate "2021.10.06"]
[SourceQuality "1"]

1. e4 c5 2. Nf3 Nc6 3. Bb5 a6 4. Bxc6 bxc6 5. 0-0 d6 6. h3 Nf6 7. d3 e5 8. Nc3 Be7 9. Ne2 0-0 10. Ng3 Be6 11. c3 h6 12. Be3 Qc7 13. d4 exd4 14. cxd4 c4 15. Rc1 d5 16. e5 Nd7 17. b3 Nb6 18. Nd2 c5 19. f4 cxd4 20. Bxd4 Bc5 21. Nf3 f5 22. Bxc5 Qxc5+ 23. Nd4 g6 24. Kh2 Rfe8 25. Qd2 Kh7 26. Nge2 Bd7 27. Rc3 a5 28. Rg1 a4 29. g4 fxg4 30. hxg4 axb3 31. axb3 Qb4 32. Qe3 Ra2 33. Rg2 Qe7 34. Nf3 Rb8 35. f5 gxf5 36. g5 cxb3 37. gxh6 Nc4 38. Ng5+ Kh8 39. Rxc4 dxc4 40. e6 Qd6+ 41. Kh3 Qd3 42. Nf7+ 1-0

[Event "Joytu Sheikh Hasina Online op"]
[Site "Chess.com INT"]
[Date "2020.09.25"]
[Round "4"]
[White "Ahmed, Shafiq"]
[Black "Himanshu, Sharma"]
[Result "1-0"]
[WhiteElo "2153"]
[BlackElo "2394"]
[PlyCount "119"]
[EventDate "2020.09.24"]
[EventType "swiss"]
[EventRounds "9"]
[EventCountry "BAN"]
[SourceTitle "EXT 2022"]
[Source "ChessBase"]
[SourceDate "2021.10.06"]
[SourceVersion "1"]
[SourceVersionDate "2021.10.06"]
[SourceQuality "1"]

1. e4 c6 2. d4 g6 3. Nf3 d5 4. e5 Na6 5. c3 Nc7 6. Bd3 Bf5 7. Bxf5 gxf5 8. Nbd2 e6 9. Nb3 Ne7 10. Bg5 Rg8 11. Nc5 Qc8 12. g3 Ng6 13. Nd3 h6 14. Bd2 b6 15. h4 Qa6 16. Be3 Bg7 17. h5 Nf8 18. Qd2 Nd7 19. Nb4 Qb7 20. Bxh6 Bxh6 21. Qxh6 c5 22. Nc2 0-0-0 23. 0-0-0 Qa6 24. Kb1 Qe2 25. Qe3 Qxe3 26. Nxe3 f6 27. Ng2 fxe5 28. dxe5 Nf8 29. Nf4 Nh7 30. Ng6 Rd7 31. b4 Kb7 32. bxc5 bxc5 33. Kc2 Kc6 34. a4 Na8 35. a5 Nc7 36. c4 d4 37. Rd3 Na6 38. Kd2 Nb4 39. Rb3 Rb7 40. Nf4 Re8 41. Rhb1 Ree7 42. Nxd4+ cxd4 43. Rxb4 Rxb4 44. Rxb4 Ng5 45. Kd3 Ne4 46. Kxd4 Nxf2 47. Rb5 Ne4 48. g4 Rd7+ 49. Ke3 Re7 50. gxf5 exf5 51. e6 Nd6 52. Re5 Nxc4+ 53. Kd4 Nxe5 54. Kxe5 Rb7 55. Kxf5 Kd6 56. Kf6 Rb4 57. Ng6 Rb1 58. e7 Rf1+ 59. Kg7 Kd7 60. h6 1-0